| 000 | 00468nam a2200193Ia 4500 | ||
|---|---|---|---|
| 008 | 210210b2019 xxu||||| |||| 00| 0 eng d | ||
| 020 | _a9789350304501 | ||
| 041 | _aeng | ||
| 082 | _a664 SIRS | ||
| 100 | _aSIROHI (Ramesh) | ||
| 245 | _aSustaninable food processing | ||
| 260 |
_aJaipur _bOxford Book Company _c2019 |
||
| 300 | _aviii,264 | ||
| 650 | _aSustaninable | ||
| 650 | _aprocessing | ||
| 650 | _afood | ||
| 690 | _aFood Technology | ||
| 906 | _a072655 | ||
| 999 |
_c122499 _d122499 |
||